000 00992nam a2200349 4500
001 000469023
003 DO-SdBNP
005 20180221111206.0
007 000469023
008 960222r1992 sp a | |||| ||spa
016 7 _a
_2BPMSU
017 _a
_b
020 _a8434822970
035 _a
040 _aBPMSU
_bspa
_cBPMSU
_e
041 1 _aspa
_h
080 0 _a
100 1 _aCompany, Mercè
_d1947-
240 1 3 _a La reina calba /
_l cat.
245 1 3 _aLa reina Calva /
_cMercè Company ; ilustraciones Mercé Aránega
_h
250 _a7ª ed.
260 _aMadrid :
_bSM,
_c1992
300 _a77 p.:
_bil.,
_c19 cm
490 0 _aEl barco de vapor.
_a Serie azul
_v28
521 _aA partir de 7 años.
586 _aPremio Enric Valor de narrativa infantil, 1983.
700 1 _aAránega, Mercé
_eil.
830 _aEl barco de vapor.
_pSerie azul
_v28
942 _2ddc
_cBK
945 _aInventariado, 2018/ YL
956 _aVMATEO
_210
_320160405
_6BPMSU
_80069
999 _c9555
_d9555